Assassins Creed Trivia - Statistics

General Stats
  • This quiz has been taken 1,058 times
  • The average score is 14 of 35
Answer Stats
Hint Answer % Correct
First assassin introduced to the series Altair
97%
Playable Character known as Subject 17 Desmond Miles
95%
Who is the second assassin you play as Ezio Auditore
93%
Who invented the Flying Machine In AC2 Leonardo Da Vinci
72%
Who is the main Assassin you play as in AC3 Connor
69%
Who is the above's mentor Al Mualim
66%
who is connors birth father Haytham Kenway
62%
What iconic pirate died in black flag blackbeard
61%
Who is the main antagonist in AC2 Rodrigo Borgia
55%
What is the name of Edward Kenway's ship in Black flag Jackdaw
52%
Which family member is killed in the beginning of Brotherhood Mario Auditore
52%
what enables the assasins to locate targets eagle vision
48%
What is the new blade he recieves in AC Revelations hook blade
47%
Who is Haytham's right hand man Charles Lee
45%
what character turns mad and you have to kill in black flag Charles vane
45%
Who is Edward Kenway's first mate in Black Flag Adewale
42%
Who is the main antagonist in Brotherhood cesare borgia
42%
who is Connor's Mentor Achilles
41%
What is the Assassins motto? nothing is true everything is permitted
40%
Which Family member got promoted to assassin in Brotherhood Claudia Auditore
37%
Who owns the book store in constaninople who he later loves Sofia sator
36%
who is the first assassin he meets in Constaninople yusuf tazim
35%
Which character in brotherhood is fighting the french and hates them Bartolomeo
34%
Which character is disguised as a man in Black Flag Mary Read
30%
Who did Ezio have sex with In AC2 Cristina Vespucci
26%
What is Bartolomeo's sword called Bianca
23%
Name Ezio's sister's cheating boyfriend Duccio De Luca
22%
who is ezio greeted by on the boat in AC Revelations prince suleiman
15%
Who is accused of Treachery in the beginning of Brotherhood Niccolo Machiavelli
13%
What are the main items he is collecting in Istanbul Masyaf keys
12%
What is the above's birth name ratonhnhaké ton
11%
who is the main antagonist in AC Revelations Ahmet
9%
What is the war that was taking place in the game AC3 War of independence
8%
Who was the three family members who died in AC2 Giovanni Petruccio Federico
6%
Who is the templar leader in AC1 Lord Basilisk
1%
No matching quizzes found
Score Distribution
Percent of People with Each Score
Percentile by Number Answered
Your Score History
You have not taken this quiz